01389nam a2200313Ia 4500001001200000003000800012006001900020007001500039008004100054020002200095020002100117040002100138035002000159050002300179245027700202260005600479300002400535504004100559533015200600650002900752650002800781650002500809650002400834650002800858655002900886710001700915856012600932999001701058ebr10068503CaPaEBRm u cr cn|||||||||040922s2004 dcua sb 000 0 eng d z0309092663 (book) z0309533414 (pdf) aCaPaEBRcCaPaEBR a(OCoLC)7072742814aTS183b.R48 2004eb00aRetooling manufacturingh[electronic resource] :bbridging design, materials, and production /cCommittee on Bridging Design and Manufacturing, Board on Manufacturing and Engineering Design, National Materials Advisory Board, Division on Engineering and Physical Sciences. aWashington, DC :bNational Academies Press,cc2004. axii, 111 p. :bill. aIncludes bibliographical references. aElectronic reproduction.bPalo Alto, Calif. :cebrary,d2009.nAvailable via World Wide Web.nAccess may be limited to ebrary affiliated libraries. 0aManufacturing processes. 0aConcurrent engineering. 0aSystems engineering. 0aEngineering design. 0aProduction engineering. 7aElectronic books.2local2 aebrary, Inc.40uhttp://site.ebrary.com/lib/rucke/Doc?id=10068503zAn electronic book accessible through the World Wide Web; click to view c41645d41645